Vista normal
Vista MARC
Entrada Personal Name
Número de registros utilizados en: 2
001 - CONTROL NUMBER
- control field: 9075
003 - CONTROL NUMBER IDENTIFIER
- control field: OSt
005 - DATE AND TIME OF LATEST TRANSACTION
- control field: 20200821212918.0
008 - FIXED-LENGTH DATA ELEMENTS
- fixed length control field: 200821|| aca||aabn | a|a d
040 ## - CATALOGING SOURCE
- Original cataloging agency: OSt
- Transcribing agency: OSt
100 ## - HEADING--PERSONAL NAME
- Personal name: Tangarife Torres, Marcel
670 ## - SOURCE DATA FOUND
- Source citation: Work cat.: (OSt)3831: Tangarife Torres, Marcel, autora, El Tratado de Libre Comercio con Estados Unidos : , 2004